|
|
|
|
| LEADER |
00000nab a2200000 a 4500 |
| 001 |
vtls000169689 |
| 003 |
SK-MaSNL |
| 005 |
20260302213139.0 |
| 008 |
111104c1983 xo 0 slo |
| 015 |
|
|
|a SNBRB19rr/mm-uuuuu
|
| 035 |
|
|
|a CL0179800
|
| 040 |
|
|
|a SNKBUCL
|b slo
|c SNKBUCL
|e AACR2
|
| 041 |
0 |
|
|a slo
|
| 044 |
|
|
|a xo
|c SK
|
| 080 |
|
|
|a 331.876.4
|2 1981
|
| 245 |
0 |
0 |
|a Prevolanie pracujúcich závodov, podnikov, jednotných roľníckych družstiev, občanov miest nesúcich názov Slovenského národného povstania, hrdinov socialistickej práce a vyznamenaných pracovníkov Stredoslovenského kraja
|
| 650 |
0 |
7 |
|a iniciatíva pracujúcich
|2 snkbucl
|9 921698
|
| 651 |
|
7 |
|a 5301
|2 snkbucl
|9 893756
|
| 655 |
|
7 |
|a články z novín a časopisov
|2 snkbucl
|9 267496
|
| 773 |
0 |
|
|t Smer
|g Roč. 35, č. 288 (6. 12. 1983), s. 1, 3
|
| 850 |
|
|
|a Slovenská národná knižnica v Martine
|a MTA001
|
| 852 |
|
|
|a SNK
|b KIS3GCP
|
| 958 |
|
|
|a RK
|
| 992 |
|
|
|a RBX
|
| 999 |
|
|
|c 1492349
|d 1494279
|